1490 1196 1798 1391 1668 1603 1964 1525 1047 1619 1210 1064 1647 1918 1646 1778 1747 1072 1242 1101 1939 1017 1748 1710 1292 1463 1245 1359 1135 1020 1038 1918 1773 1329 1454 1926 1135 1295 1485 1679 1334 1280 1669 1471 1917 1585 1290 1741 1493 1078 1501 1340 1948 1520 1641 1210 1340 1554 1130 1813 1516 1002 1901 1870 1814 1340 1953 1952 1317 1332 1671 1932 1033 1020 1510 1211 1230 1833 1958 1524 1650 1086 1546 1501 1510 1820 1376 1191 1237 1573 1044 1774 1999 1406 1307 1729 1795 1558 1854 BCNSPRNW ULIB Ver.6.0+V

เปลี่ยนเป็นภาษาไทย

Change to English
 แสดงรายละเอียดบรรณานุกรม
  กลับหน้าหลัก

Brief Record : Get Marc (ISO 2709) : E-mail record : QR code < ปิดหน้าต่าง
LEADER : 00000nam 2200000uu 4500
001    13399128839
003     ULIB
008    241009s||||||||th 000 0 tha d
020    ^a9786160845743
050  0 ^aBF128^bต777จ
100 N  ^aเติมศักดิ์ คทวณิช
245 N  ^aจิตวิทยาทั่วไป/^cเติมศักดิ์ คทวณิช
246 N  ^aGeneral psychology
260 N  ^aกรุงเทพฯ:^bซีเอ็ดยูเคชั่น,^c2546
300 N  ^a331 หน้า : ^bภาพประกอบ;^c26ซม.
520 N  ^aสาระสังเขป หนังสือเล่มนี้ ผู้เขียนมีความตั้งใจที่จะเรียบเรียงให้มีเนื้อหาทางจิตวิทยาที่ละเอียดครบถ้วน และสามารถอ่านเข้าใจได้ง่าย มีตัวอย่างและภาพประกอบที่ชัดเจนสวยงาม เพื่อให้ผู้ศึกษาได้เกิดความรู้และความเข้าใจอย่างแท้จริง โดยรวบรวมข้อมูลจากเอกสารและตำราทางจิตวิทยาทั้งของไทยและของต่างประเทศ รวมทั้งประสบการณ์ในการสอนของผู้เขียนเองด้วย เนื้อหาภายในเล่มประกอบด้วยสาระสำคัญ ได้แก่ ความรู้เบื้องต้นเกี่ยวกับจิตวิทยา อิทธิพลของพันธุกรรมและสิ่งแวดล้อม พัฒนาการของมนุษย์ พื้นฐานทางสรีรวิทยาที่เกี่ยวข้องกับพฤติกรรม การรับสัมผัสและการรับรู้ การจูงใจ การเรียนรู้ เชาวน์ปัญญา บุคลิกภาพ สุขภาพจิตและการปรับตัว และพฤติกรรมทางสังคม
650 N  ^aจิตวิทยา
945    ^p250^l0^i011061
945    ^p250^l0^i011062
945    ^p250^l0^i011063
945    ^p250^l0^i011064
945    ^p250^l0^i011065
945    ^p250^l0^i011066
945    ^p250^l0^i011067
999    ^aประนอม เกษจรัล
รายการนี้ยังไม่มีแท็ก
คุณยังไม่ได้ล็อกอิน คุณสามารถมีกิจกรรมร่วมกับเว็บไซต์ได้ แต่ต้องล็อกอินก่อน ::
  ล็อกอิน

รายการสื่อสารสนเทศ

ลำดับที่ ประเภท เลขเรียก/บาร์โค้ด สถานที่ สถานะ
1. การศึกษาทั่วไป
หนังสือสำรอง
สถานะ=หนังสือสำรอง
BF128 ต777จ ฉ.1 
  Barcode: 011061
ห้องสมุดวิทยาเขตสวรรค์ประชารักษ์
►หนังสือทั่วไป
บนชั้น
2. การศึกษาทั่วไป
การศึกษาทั่วไป
BF128 ต777จ ฉ.2 
  Barcode: 011062
ห้องสมุดวิทยาเขตสวรรค์ประชารักษ์
►หนังสือทั่วไป
บนชั้น
3. การศึกษาทั่วไป
การศึกษาทั่วไป
BF128 ต777จ ฉ.3 
  Barcode: 011063
ห้องสมุดวิทยาเขตสวรรค์ประชารักษ์
►หนังสือทั่วไป
บนชั้น
4. การศึกษาทั่วไป
การศึกษาทั่วไป
BF128 ต777จ ฉ.4 
  Barcode: 011064
ห้องสมุดวิทยาเขตสวรรค์ประชารักษ์
►หนังสือทั่วไป
บนชั้น
5. การศึกษาทั่วไป
การศึกษาทั่วไป
BF128 ต777จ ฉ.5 
  Barcode: 011065
ห้องสมุดวิทยาเขตสวรรค์ประชารักษ์
►หนังสือทั่วไป
บนชั้น
6. การศึกษาทั่วไป
การศึกษาทั่วไป
BF128 ต777จ ฉ.6 
  Barcode: 011066
ห้องสมุดวิทยาเขตสวรรค์ประชารักษ์
►หนังสือทั่วไป
บนชั้น
7. การศึกษาทั่วไป
การศึกษาทั่วไป
BF128 ต777จ ฉ.7 
  Barcode: 011067
ห้องสมุดวิทยาเขตสวรรค์ประชารักษ์
►หนังสือทั่วไป
บนชั้น

รายการใกล้เคียง
    ผู้แต่ง [เติมศักดิ์ คทวณิช]

    หัวเรื่อง [จิตวิทยา]

BibComment


ยังไม่เคยถูกคอมเมนท์

คอมเมนท์ทรัพยากรรายการนี้
  คอมเมนท์: จิตวิทยาทั่วไป เ..


 Copyright 2026. Bcnsprnw @Library